| Record ID | ia:javaforstudents0000bell_w3y8 |
| Source | Internet Archive |
| Download MARC XML | https://archive.org/download/javaforstudents0000bell_w3y8/javaforstudents0000bell_w3y8_marc.xml |
| Download MARC binary | https://www.archive.org/download/javaforstudents0000bell_w3y8/javaforstudents0000bell_w3y8_meta.mrc |
LEADER: 00683cam a2200217 a 4500
001 97044657
003 DLC
005 20010419104840.0
008 971010s1998 enka b 001 0 eng
010 $a 97044657
020 $a0138584400 (pbk.)
040 $aDLC$cDLC$dDLC
050 00 $aQA76.73.J38$bB45 1998
082 00 $a005.13/3$221
100 1 $aBell, Doug,$d1944-
245 10 $aJava for students /$cDouglas Bell and Mike Parr.
260 $aLondon ;$aNew York :$bPrentice Hall Europe,$c1998.
300 $axxii, 570 p. :$bill. ;$c24 cm.
504 $aIncludes bibliographical references (p. 556-560) and index.
650 0 $aJava (Computer program language)
700 1 $aParr, Mike,$d1949-